|
|
|
|
| LEADER |
02996nam a2200661 i 4500 |
| 001 |
nkc20193083080 |
| 003 |
CZ PrNK |
| 005 |
20190610112713.0 |
| 007 |
ta |
| 008 |
190318s2018 xr a f f 000 0 cze |
| 015 |
|
|
|a cnb003083080
|
| 020 |
|
|
|a 978-80-7417-181-9
|q (brožováno)
|
| 035 |
|
|
|a (OCoLC)1107827404
|
| 040 |
|
|
|a OLA001
|b cze
|e rda
|
| 041 |
0 |
|
|a cze
|b eng
|
| 043 |
|
|
|a e-pl---
|a e-xr---
|b e-xr-cc
|2 czenas
|
| 072 |
|
7 |
|a 574
|x Obecná ekologie
|2 Konspekt
|9 2
|
| 080 |
|
|
|a 546.171/.177
|2 MRF
|
| 080 |
|
|
|a 502.175:504.5
|2 MRF
|
| 080 |
|
|
|a 574.4/.5-026.15
|2 MRF
|
| 080 |
|
|
|a 581.526.42
|2 MRF
|
| 080 |
|
|
|a (437.31-18)
|2 MRF
|
| 080 |
|
|
|a (083.744)
|2 MRF
|
| 100 |
1 |
|
|a Souček, Jiří,
|d 1969-
|7 uzp2009465524
|4 aut
|
| 245 |
1 |
0 |
|a Metodické postupy pro zmenšení nepříznivého působení vyšších koncentrací a depozic sloučenin dusíku na lesní ekosystém v Orlických horách =
|b Methods to mitigate negative impact of increased concentrations and depositions of nitrogen compounds in forest ecosystems, the Orlické hory Mountains : certifikovaná metodika /
|c Jiří Souček, Dušan Kacálek, František Šach, Jan Leugner, Evelína Erbanová
|
| 246 |
3 |
1 |
|a Methods to mitigate negative impact of increased concentrations and depositions of nitrogen compounds in forest ecosystems, the Orlické hory Mountains
|
| 264 |
|
1 |
|a Strnady :
|b Výzkumný ústav lesního hospodářství a myslivosti, v.v.i.,
|c 2018
|
| 300 |
|
|
|a 32 stran :
|b barevné ilustrace ;
|c 21 cm
|
| 336 |
|
|
|a text
|b txt
|2 rdacontent
|
| 337 |
|
|
|a bez média
|b n
|2 rdamedia
|
| 338 |
|
|
|a svazek
|b nc
|2 rdacarrier
|
| 490 |
1 |
|
|a Certifikované metodiky pro praxi
|
| 490 |
1 |
|
|a Lesnický průvodce,
|x 0862-7657 ;
|v 16/2018
|
| 504 |
|
|
|a Obsahuje bibliografie
|
| 546 |
|
|
|a Anglická resumé
|
| 650 |
0 |
7 |
|a sloučeniny dusíku
|7 ph249731
|2 czenas
|
| 650 |
0 |
7 |
|a koncentrace znečišťujících látek
|7 ph135389
|2 czenas
|
| 650 |
0 |
7 |
|a biomasa
|7 ph118913
|2 czenas
|
| 650 |
0 |
7 |
|a lesní ekosystémy
|7 ph115113
|z Česko
|2 czenas
|
| 650 |
0 |
9 |
|a nitrogen compounds
|2 eczenas
|
| 650 |
0 |
9 |
|a pollutant concentration
|2 eczenas
|
| 650 |
0 |
9 |
|a biomass
|2 eczenas
|
| 650 |
0 |
9 |
|a forest ecosystems
|z Czechia
|2 eczenas
|
| 651 |
|
7 |
|a Orlické hory (Česko a Polsko)
|7 ge130325
|2 czenas
|
| 651 |
|
9 |
|a Orlické hory Mountains (Czechia and Poland)
|2 eczenas
|
| 655 |
|
7 |
|a certifikované metodiky
|7 fd806827
|2 czenas
|
| 655 |
|
9 |
|a certified methodology
|2 eczenas
|
| 700 |
1 |
|
|a Kacálek, Dušan,
|d 1971-
|7 pna2010586378
|4 aut
|
| 700 |
1 |
|
|a Šach, František,
|d 1948-
|7 ola2001100306
|4 aut
|
| 700 |
1 |
|
|a Leugner, Jan,
|d 1974-
|7 mzk2008430781
|4 aut
|
| 700 |
1 |
|
|a Erbanová, Evelína,
|d 1985-
|7 ola20191036423
|4 aut
|
| 810 |
2 |
|
|a Výzkumný ústav lesního hospodářství a myslivosti.
|t Metodiky
|0 s
|
| 830 |
|
0 |
|a Lesnický průvodce
|0 s
|
| 910 |
2 |
|
|a BOA001
|b 2-1428.767
|
| 990 |
|
|
|a BK
|
| 995 |
|
|
|a 01
|
| 991 |
|
|
|b 201905
|c NOV
|
| 996 |
6 |
|
|b 2610781263
|c 2-1428.767
|l MZK
|r Sklad / do 1 hodiny
|n 0
|p p.v.
|w 001723036
|u 000010
|a 1
|e BOA001
|j MZK50
|s P
|